000 00875nam a22003137a 4500
001 BR8203620
003 BR-BrBNA
005 20230928091341.0
007 ta
008 230509b bl.||||| |||| 00| 0 por d
040 _aBR-BrBNA
_bpor
_cBiblioteca Nacional de Agricultura
041 _a(Por)
072 _aE15
_b/G514
090 _ E15 BR8203620
100 1 _aCysneiros, V.C.
110 1 _aFundacao Petronio Portella, Brasilia, DF (Brasil)
_95018
245 1 _aCurso de direito agrario. v. 9 Aquisicao de imovel rural por estrangeiro [Brasil]
260 3 _aBrasilia, DF (Brasil):
_c1982.
300 _a216 p.
500 _a38 ref.
650 _aPROPRIEDADE RURAL
650 _aDIREITO AGRARIO
650 _aPROPRIEDADE RURAL
650 _aESTATUTO DA TERRA
650 _aLEI
650 _aDECRETO
909 _a202309
_bLucia
_c55
_dLucia Elande
942 _cBK
999 _c33498
_d33498